JOSE SANTOS CHOCANO : SUS ULTIMOS AÑOS /

Gardado en:
Detalles Bibliográficos
Autor Principal: Aguilar Machado, Margarita (autor)
Formato: Libro
Temas:
Etiquetas: Engadir etiqueta
Sen Etiquetas, Sexa o primeiro en etiquetar este rexistro!

MARC

LEADER 00000nam^a2200000^a^4500
001 000243007
005 20250521000000.0
009 20260310105318.096
035 |a 065526 
037 |a Acervo Xavier Clavigero 
082 |a 860. 092  |b AGU 
100 |a Aguilar Machado, Margarita  |e (autor) 
245 1 0 |a JOSE SANTOS CHOCANO :  |b SUS ULTIMOS AÑOS /  |c MARGARITA AGUILAR MACHADO 
264 |a LIMA, PERU :  |b THESIS,  |c 1965 
300 |a 227 p. 
336 |a texto  |b txt  |2 rdacontenido 
337 |a sin mediación  |b n  |2 rdamedio 
338 |a volumen  |b nc  |2 rdasoporte 
649 |a XX 
650 |a Chocano, José Santos 
650 |a Escritores Peruanos 
910 |a Fondo General 
920 |a Impresos - Libros 
930 |a Colección General 
940 |a Literatura 
905 |a 101 
901 |a 065526  |b IT1  |c LIT  |i 065526  |u 20250521 
902 |a https://opac.biblio.iteso.mx/vufind/Record/000243007